The quick brown fox jumps over the lazy dog - Statistics

General Stats
  • This quiz has been taken 144 times
  • The average score is 28 of 35
Answer Stats
Answer % Correct
T
100%
e
99%
h
99%
q
97%
u
97%
i
96%
b
94%
c
94%
k
94%
o
93%
r
93%
n
92%
w
92%
f
89%
o
86%
x
85%
j
83%
m
83%
u
83%
p
76%
o
73%
s
73%
v
73%
e
70%
r
69%
t
68%
e
66%
h
66%
l
65%
a
63%
d
63%
o
63%
y
63%
z
63%
g
62%
No matching quizzes found
Score Distribution
Percent of People with Each Score
Percentile by Number Answered
Your Score History
You have not taken this quiz